000 00790nam a22001937a 4500
003 OSt
005 20260212094431.0
008 260212b |||||||| |||| 00| 0 eng d
040 _c0
082 _aDPer 796.07 J826 January-October 2023 v. 42 n. 1-4
100 _aXie, Xiuye.
_eauthor.
_969672
245 _aUnderstanding physical education teachers' help-seeking behaviors in a facebook professionals learning community /
_cXiuye Xie, and Yung-Ju Chen
260 _aUS
_bHuman Kinetics, Inc.
_cApril 2023
300 _aVolume 42, pages 197-205 :
_billustration ;
_c29 cm.
500 _aJournal of Teaching in Physical Education, vol. 42 no. 2, pages 197-205-, January-October 2023.
700 _aXie, Xiuye.
_eauthor.
_969672
700 _aChen, Yung-Ju.
_eauthor.
_969673
942 _2ddc
_cPER
999 _c24304
_d24304